Normal view
MARC view
Entry Personal Name
001 - CONTROL NUMBER
- control field: 9735
003 - CONTROL NUMBER IDENTIFIER
- control field: ARRUPE
005 - DATE AND TIME OF LATEST TRANSACTION
- control field: 20140402145135.0
008 - FIXED-LENGTH DATA ELEMENTS
- fixed length control field: 140402|| aca||aabn | a|a d
040 ## - CATALOGING SOURCE
- Original cataloging agency: ARRUPE
- Transcribing agency: ARRUPE
100 ## - HEADING--PERSONAL NAME
- Personal name: Somerville, D. M.
670 ## - SOURCE DATA FOUND
- Source citation: Work cat.: (ARRUPE)0: Somerville, D. M. 9734, My life was a ranch /, 1976.